CASE STUDY 01 - Daniel Caesar (Tracklist) - Statistics

General Stats
  • This quiz has been taken 38 times
  • The average score is 8 of 10
Answer Stats
TRACKS % Correct
FRONTAL LOBE MUZIK (ft. Pharrell Williams)
93%
CYANIDE
89%
ENTROPY
89%
LOVE AGAIN (ft. Brandy)
85%
ARE YOU OK?
78%
TOO DEEP TO TURN BACK
78%
SUPERPOSITION (ft. John Mayer)
74%
COMPLEXITIES
70%
OPEN UP
70%
RESTORE THE FEELING (ft. Jacob Collier & Sean Leon)
67%
No matching quizzes found
Score Distribution
Percent of People with Each Score
Percentile by Number Answered
Your Score History
You have not taken this quiz